000
00323nam a2200157Ia 4500
100
_a
Singh/D.K
650
_a
MANUFACTURING
942
_c
BK
366
_f
20
245
_a
Manufacturing technology
260
_b
Ane Books
_c
2012
082
_a
658.5
_b
SIN
300
_a
213
546
_a
ENGLISH
_c
Info.Tech
999
_c
30282
_d
30282